Państwa, w których arabski jest językiem urzędowym - Statystyki

Ogólne statystyki
  • Ten quiz został rozwiązany 4 319 razy
  • Średni wynik to 18 z 22
Statystyki odpowiedzi
Państwo % Poprawnych
Arabia Saudyjska
98%
Irak
95%
Oman
95%
Egipt
94%
Zjednoczone Emiraty Arabskie
93%
Jemen
93%
Katar
92%
Algieria
90%
Maroko
89%
Syria
87%
Kuwejt
86%
Libia
86%
Bahrajn
84%
Jordania
84%
Tunezja
84%
Liban
83%
Sudan
83%
Czad
73%
Somalia
66%
Mauretania
65%
Dżibuti
56%
Komory
30%
Nie znaleziono quizów pasujących do podanych kryteriów
Rozkład punktacji
Procent ludzi z każdym wynikiem
Percentyl według liczby udzielonych odpowiedzi
Twoja historia wyników
Nie rozwiązałeś tego quizu